Abolished Monarchies of Europe - Statistics

General Stats
  • This quiz has been taken 152 times
  • The average score is 15 of 17
Answers on the Map
Answers color-coded by a green-red scale on the quiz's map according to % correct below.
 
Answer Stats
Country Year Abolished Last Monarch % Correct
Italy 1946 Umberto II
99%
Austria 1918 Charles I
97%
France 1870 Napoleon III
97%
Germany 1918 Wilhelm II
97%
Greece 1973 Constantine II
97%
Portugal 1910 Manuel II
97%
Russia 1917 Nicholas II
97%
Albania 1946 Zog I
95%
Serbia 1945 Peter II
94%
Finland 1919 Friedrich Karl
93%
Hungary 1918 Charles IV
93%
Romania 1947 Michael I
93%
Bulgaria 1946 Simeon II
92%
Czechia 1918 Charles III
86%
Croatia 1918 Charles IV
85%
Malta 1974 Elizabeth II
78%
Turkey 1922 Mehmed VI
25%
No matching quizzes found
Score Distribution
Percent of People with Each Score
Percentile by Number Answered
Your Score History
You have not taken this quiz